Problemas combinatorios sobre conjuntos finitos de puntos

Wedi'i Gadw mewn:
Manylion Llyfryddiaeth
Prif Awdur: Abrego Lerma, Bernardo Manuel (Awdur)
Fformat: Llyfr
Iaith:Sbaeneg
Cyhoeddwyd: Ciudad de México Sociedad Matemática Mexicana 1997
Cyfres:Colección Aportaciones Matemáticas. Comunicaciones, 19
Pynciau:
Tagiau: Ychwanegu Tag
Dim Tagiau, Byddwch y cyntaf i dagio'r cofnod hwn!

MARC

LEADER 00000nam a2200000 a 4500
001 UCP3279
003 CL-VaPUC
008 990618e19970000MX |||||||||||||||||spa|d
082 0 4 |a 516.08  |b ABR  |2 21 
100 0 |a Abrego Lerma, Bernardo Manuel  |e author  |9 430479 
245 1 0 |a Problemas combinatorios sobre conjuntos finitos de puntos 
300 |a 168 p 
942 |c BK 
945 |d 19990618 00:00:00  |a rbrito 
260 |a Ciudad de México  |b Sociedad Matemática Mexicana  |c 1997 
650 7 |a TEOREMA DE SYLVESTER  |2 CL-VaPUC  |9 430480 
650 7 |a CONJUNTOS FINITOS  |2 CL-VaPUC  |9 425465 
650 7 |a TRIANGULOS CONGRUENTES  |2 CL-VaPUC  |9 430481 
650 7 |a TRIANGULOS EQUILATEROS  |2 CL-VaPUC  |9 430482 
650 0 |a Ecuaciones  |9 260137 
583 |a last modification  |c 19990618 00:00:00  |k Rodrigo Vera 
490 0 |a Colección Aportaciones Matemáticas. Comunicaciones, 19 
999 |c 281648  |d 281646 
952 |0 0  |1 0  |4 0  |6 516_080000000000000_ABR_1997  |7 0  |8 A  |9 322559  |a BIBMAT  |b BIBMAT  |d 2019-11-20  |i 3529843  |o 516.08 ABR 1997  |p 3529843  |r 2025-01-07  |w 2019-11-20  |y BK  |k MAT